<?xml version="1.0" encoding="UTF-8"?>
<record
    xmlns:xsi="http://www.w3.org/2001/XMLSchema-instance"
    xsi:schemaLocation="http://www.loc.gov/MARC21/slim http://www.loc.gov/standards/marcxml/schema/MARC21slim.xsd"
    xmlns="http://www.loc.gov/MARC21/slim">

  <leader>03591cam a2200433 i 4500</leader>
  <datafield tag="999" ind1=" " ind2=" ">
    <subfield code="c">79457</subfield>
    <subfield code="d">316734</subfield>
  </datafield>
  <controlfield tag="001">1014459872</controlfield>
  <controlfield tag="003">OCoLC</controlfield>
  <controlfield tag="005">20210305190748.0</controlfield>
  <controlfield tag="008">171210t20192019stka     b    001 0 eng  </controlfield>
  <datafield tag="020" ind1=" " ind2=" ">
    <subfield code="a">9780702072260</subfield>
    <subfield code="q">(paperback)</subfield>
  </datafield>
  <datafield tag="020" ind1=" " ind2=" ">
    <subfield code="a">0702072265</subfield>
    <subfield code="q">(paperback)</subfield>
  </datafield>
  <datafield tag="040" ind1=" " ind2=" ">
    <subfield code="a">NLM</subfield>
    <subfield code="b">eng</subfield>
    <subfield code="e">rda</subfield>
    <subfield code="c">NLM</subfield>
    <subfield code="d">YDXIT</subfield>
    <subfield code="d">IBI</subfield>
    <subfield code="d">S8I</subfield>
    <subfield code="d">OCLCF</subfield>
    <subfield code="d">JBG</subfield>
    <subfield code="d">YDX</subfield>
    <subfield code="d">OCLCO</subfield>
    <subfield code="d">NQQ</subfield>
    <subfield code="d">ERF</subfield>
    <subfield code="d">YDX</subfield>
    <subfield code="d">OCLCA</subfield>
    <subfield code="d">UtOrBLW</subfield>
  </datafield>
  <datafield tag="042" ind1=" " ind2=" ">
    <subfield code="a">pcc</subfield>
  </datafield>
  <datafield tag="050" ind1=" " ind2="4">
    <subfield code="a">QP303</subfield>
    <subfield code="b">.P28 2019</subfield>
  </datafield>
  <datafield tag="060" ind1="0" ind2="0">
    <subfield code="a">2019 B-088</subfield>
  </datafield>
  <datafield tag="060" ind1="1" ind2="0">
    <subfield code="a">WE 101</subfield>
  </datafield>
  <datafield tag="060" ind1=" " ind2="4">
    <subfield code="a">WE 101</subfield>
    <subfield code="b">.P154a 2019</subfield>
  </datafield>
  <datafield tag="082" ind1="0" ind2="4">
    <subfield code="a">612.76</subfield>
    <subfield code="2">23</subfield>
    <subfield code="b">PNA</subfield>
  </datafield>
  <datafield tag="100" ind1="1" ind2=" ">
    <subfield code="a">Palastanga, Nigel,</subfield>
    <subfield code="e">author.</subfield>
    <subfield code="9">36259</subfield>
  </datafield>
  <datafield tag="245" ind1="1" ind2="0">
    <subfield code="a">Anatomy and human movement :</subfield>
    <subfield code="b">structure and function /</subfield>
    <subfield code="c">Roger Soames, Nigel Palastanga ; illustrations by Paul Richardson</subfield>
  </datafield>
  <datafield tag="250" ind1=" " ind2=" ">
    <subfield code="a">Seventh edition</subfield>
  </datafield>
  <datafield tag="264" ind1=" " ind2="1">
    <subfield code="a">Edinburgh ;</subfield>
    <subfield code="a">New York :</subfield>
    <subfield code="b">Elsevier,</subfield>
    <subfield code="c">2019</subfield>
  </datafield>
  <datafield tag="264" ind1=" " ind2="4">
    <subfield code="c">&#x2117;&#x266D;2019</subfield>
  </datafield>
  <datafield tag="300" ind1=" " ind2=" ">
    <subfield code="a">x, 667 pages :</subfield>
    <subfield code="b">color illustrations ;</subfield>
    <subfield code="c">24 cm</subfield>
  </datafield>
  <datafield tag="490" ind1="1" ind2=" ">
    <subfield code="a">Physiotherapy essentials</subfield>
  </datafield>
  <datafield tag="500" ind1=" " ind2=" ">
    <subfield code="a">Nigel Palastanga's name appears first in the previous edition</subfield>
  </datafield>
  <datafield tag="504" ind1=" " ind2=" ">
    <subfield code="a">Includes bibliographical references and index</subfield>
  </datafield>
  <datafield tag="505" ind1="0" ind2=" ">
    <subfield code="a">Introduction -- Upper limb -- Lower limb -- Trunk and neck -- Head and brain</subfield>
  </datafield>
  <datafield tag="520" ind1="8" ind2=" ">
    <subfield code="a">Now featuring full-colour illustrations &amp; a streamlined organization, this classic text is an excellent resource for studying &amp; reviewing human anatomy &amp; function. It offers detailed coverage of each region of the body with easy-to-understand explanations &amp; diagrams that clarify important concepts.$bSince its first publication in 1989, Anatomy and Human Movement has grown to become a best-selling seminal textbook, helping students to understand and remember the mechanisms which allow movement to take place. Written specifically for physiotherapists and occupational therapists, this textbook is the ideal resource for students learning how to perform a musculoskeletal examination and for practising clinicians who need to refresh their functional anatomy. The approach used is the same as in the previous edition, which shows the physiotherapist's perspective during patient examinations through an intact skin: bones are presented first, followed by accurate descriptions of muscles, joints, nervous system and blood supply. New to this edition, the introduction of an e-learning course as a helpful study aid and an ideal complement to the text. Key features: Fully revised and updated text and introduction of online resources Excellent new full-colour images and photographs provide the highest level of clarity Summary boxes for quick reference and overview Detailed and focused account of anatomy for physiotherapists and other allied health professionals Part of the Elsevier Physiotherapy Essentials series, which are key textbooks for students and lecturers Fully revised and updated text and introduction of online resources Excellent new full-colour images and photographs provide the highest level of clarity Summary boxes for quick reference and overview Detailed and focused account of anatomy for physiotherapists and other allied health professionals Part of the Elsevier Physiotherapy Essentials series, which are key textbooks for students and lecturers</subfield>
  </datafield>
  <datafield tag="650" ind1=" " ind2="0">
    <subfield code="a">Human mechanics.</subfield>
    <subfield code="9">88520</subfield>
  </datafield>
  <datafield tag="650" ind1=" " ind2="0">
    <subfield code="a">Musculoskeletal system</subfield>
    <subfield code="x">Anatomy</subfield>
    <subfield code="9">88521</subfield>
  </datafield>
  <datafield tag="650" ind1=" " ind2="0">
    <subfield code="a">Human anatomy.</subfield>
    <subfield code="9">88522</subfield>
  </datafield>
  <datafield tag="650" ind1="1" ind2="2">
    <subfield code="a">Musculoskeletal System</subfield>
    <subfield code="x">anatomy &amp; histology.</subfield>
    <subfield code="9">88523</subfield>
  </datafield>
  <datafield tag="650" ind1="2" ind2="2">
    <subfield code="a">Movement.</subfield>
    <subfield code="9">64413</subfield>
  </datafield>
  <datafield tag="650" ind1="2" ind2="2">
    <subfield code="a">Nervous System</subfield>
    <subfield code="x">anatomy &amp; histology.</subfield>
    <subfield code="9">88524</subfield>
  </datafield>
  <datafield tag="700" ind1="1" ind2=" ">
    <subfield code="a">Soames, Roger,</subfield>
    <subfield code="e">author.</subfield>
    <subfield code="9">36260</subfield>
  </datafield>
  <datafield tag="830" ind1=" " ind2="0">
    <subfield code="a">Physiotherapy essentials.</subfield>
    <subfield code="9">38608</subfield>
  </datafield>
  <datafield tag="942" ind1=" " ind2=" ">
    <subfield code="2">ddc</subfield>
    <subfield code="c">BOOK</subfield>
  </datafield>
  <datafield tag="952" ind1=" " ind2=" ">
    <subfield code="1">0</subfield>
    <subfield code="2">2021-03-05</subfield>
    <subfield code="4">0</subfield>
    <subfield code="7">0</subfield>
    <subfield code="a">612.76 PNA</subfield>
    <subfield code="d">2021-03-05</subfield>
    <subfield code="h">CL</subfield>
    <subfield code="i">00167475</subfield>
    <subfield code="m">CL</subfield>
    <subfield code="r">2021-03-05 00:00:00</subfield>
    <subfield code="t">BOOK</subfield>
    <subfield code="w">ddc</subfield>
    <subfield code="y">0</subfield>
  </datafield>
  <datafield tag="952" ind1=" " ind2=" ">
    <subfield code="1">0</subfield>
    <subfield code="2">2021-03-05</subfield>
    <subfield code="4">0</subfield>
    <subfield code="7">0</subfield>
    <subfield code="a">612.76 PNA</subfield>
    <subfield code="d">2021-03-05</subfield>
    <subfield code="h">CL</subfield>
    <subfield code="i">00167476</subfield>
    <subfield code="m">CL</subfield>
    <subfield code="r">2021-03-05 00:00:00</subfield>
    <subfield code="t">BOOK</subfield>
    <subfield code="w">ddc</subfield>
    <subfield code="y">0</subfield>
  </datafield>
  <datafield tag="952" ind1=" " ind2=" ">
    <subfield code="1">0</subfield>
    <subfield code="2">2021-03-05</subfield>
    <subfield code="4">0</subfield>
    <subfield code="7">0</subfield>
    <subfield code="a">612.76 PNA</subfield>
    <subfield code="d">2021-03-05</subfield>
    <subfield code="h">CL</subfield>
    <subfield code="i">00167477</subfield>
    <subfield code="m">CL</subfield>
    <subfield code="r">2021-03-05 00:00:00</subfield>
    <subfield code="t">BOOK</subfield>
    <subfield code="w">ddc</subfield>
    <subfield code="y">0</subfield>
  </datafield>
  <datafield tag="952" ind1=" " ind2=" ">
    <subfield code="1">0</subfield>
    <subfield code="2">2021-03-05</subfield>
    <subfield code="4">0</subfield>
    <subfield code="7">0</subfield>
    <subfield code="a">612.76 PNA</subfield>
    <subfield code="d">2021-03-05</subfield>
    <subfield code="h">AMF</subfield>
    <subfield code="i">00167570</subfield>
    <subfield code="m">AMF</subfield>
    <subfield code="r">2021-03-05 00:00:00</subfield>
    <subfield code="t">BOOK</subfield>
    <subfield code="w">ddc</subfield>
    <subfield code="y">0</subfield>
  </datafield>
  <datafield tag="952" ind1=" " ind2=" ">
    <subfield code="1">0</subfield>
    <subfield code="2">2021-03-05</subfield>
    <subfield code="4">0</subfield>
    <subfield code="7">0</subfield>
    <subfield code="a">612.76 PNA</subfield>
    <subfield code="d">2021-03-05</subfield>
    <subfield code="h">AMF</subfield>
    <subfield code="i">00167571</subfield>
    <subfield code="m">AMF</subfield>
    <subfield code="r">2021-03-05 00:00:00</subfield>
    <subfield code="t">BOOK</subfield>
    <subfield code="w">ddc</subfield>
    <subfield code="y">0</subfield>
  </datafield>
  <datafield tag="952" ind1=" " ind2=" ">
    <subfield code="1">0</subfield>
    <subfield code="2">2021-03-05</subfield>
    <subfield code="4">0</subfield>
    <subfield code="7">0</subfield>
    <subfield code="a">612.76 PNA</subfield>
    <subfield code="d">2021-03-05</subfield>
    <subfield code="h">SZM</subfield>
    <subfield code="i">00167572</subfield>
    <subfield code="m">SZM</subfield>
    <subfield code="r">2021-03-05 00:00:00</subfield>
    <subfield code="t">BOOK</subfield>
    <subfield code="w">ddc</subfield>
    <subfield code="y">0</subfield>
  </datafield>
  <datafield tag="952" ind1=" " ind2=" ">
    <subfield code="1">0</subfield>
    <subfield code="2">2021-03-05</subfield>
    <subfield code="4">0</subfield>
    <subfield code="7">0</subfield>
    <subfield code="a">612.76 PNA</subfield>
    <subfield code="d">2021-03-05</subfield>
    <subfield code="h">SZM</subfield>
    <subfield code="i">00167573</subfield>
    <subfield code="m">SZM</subfield>
    <subfield code="r">2021-03-05 00:00:00</subfield>
    <subfield code="t">BOOK</subfield>
    <subfield code="w">ddc</subfield>
    <subfield code="y">0</subfield>
  </datafield>
</record>
